| 000 | 00604cam a22002171 4500 | ||
|---|---|---|---|
| 001 | sa 68015794 | ||
| 003 | DLC | ||
| 005 | 20260227112647.0 | ||
| 008 | 890620s1968 ii 000 0 tamo | ||
| 010 | _asa 68015794 | ||
| 035 | _a(OCoLC)19902453 | ||
| 040 |
_aDLC _cWaU _dOCoLC _dDLC |
||
| 050 | 0 | 0 |
_aPL4758.9.K774 _bK3 |
| 100 | 0 |
_aKul̲antai, _cPulavar, _d1906-1972. |
|
| 245 | 1 | 0 | _aKāmañcari. |
| 260 | _c1968. | ||
| 300 |
_a21, 244 p. _c19 cm. |
||
| 500 | _aIn Tamil. | ||
| 500 | _aA play based on Mathew Arnold's Sohrab and Rustum. | ||
| 700 | 1 | 2 |
_aArnold, Matthew, _d1822-1888. _tSohrab and Rustum. |
| 999 |
_c86688 _d86688 |
||